000 00371nam a2200133Ia 4500
008 150201s2011 xx 000 0 und d
082 _a621.3916
_bZAC
100 _aZacker,Craig
245 _aPC hardware : the complete reference
260 _bTata McGraw Hill Education Private Limited
_aNew Delhi
_c2011
300 _a697p.
700 _aRourke,John
942 _2ddc
_cBK
_02
999 _c5251
_d5251